Kontroling ako súčasť manažmentu poisťovacej spoločnosti

Úlohy a oblasti pôsobenia kontrolingu v poisťovacej spoločnosti. Zaradenie kontrolingu do organizačnej štruktúry poisťovne. Schéma organizačnej štruktúry analyzovanej poisťovacej spoločnosti, ktorá je jednou z najväčších poisťovní pôsobiacich na slovenskom poistnom trhu.

Uložené v:
Podrobná bibliografia
Hlavný autor: Majtánová, Anna
Ďalší autori: Dlábiková, Hana
Médium: Kapitola
Jazyk:Slovak
Predmet:
Tagy: Pridať tag
Žiadne tagy, Buďte prvý, kto otaguje tento záznam!

MARC

LEADER 00000nla$a2200000$$$4500
001 0118050
005 20240502083307.5
041 0 |a slo 
044 |a CZ 
245 1 0 |a Kontroling ako súčasť manažmentu poisťovacej spoločnosti  |c Anna Majtánová, Hana Dlábiková 
520 |a Úlohy a oblasti pôsobenia kontrolingu v poisťovacej spoločnosti. Zaradenie kontrolingu do organizačnej štruktúry poisťovne. Schéma organizačnej štruktúry analyzovanej poisťovacej spoločnosti, ktorá je jednou z najväčších poisťovní pôsobiacich na slovenskom poistnom trhu. 
610 2 0 |a kontroling 
610 2 0 |a poisťovníctvo 
610 2 0 |a poisťovne 
610 2 0 |a štruktúra organizačná 
610 2 0 |a manažment 
100 1 |a Majtánová, Anna 
700 1 |a Dlábiková, Hana